000 00585nam a2200253Ia 4500
005 20260121160829.0
008 008 260114s9999 xx 000 0 eng d
020 _a9781315680118
037 _aEBOOK
040 _aCRL
040 _beng
040 _cCRL
041 _2eng
041 _aeng
084 _qCRL
100 _a Anna Gwiazda
_91036862
245 0 _aDemocracy in Poland
260 _bTaylor and Francis
260 _c2016
856 _uhttp://www.taylorfrancis.com/books/9781315680118
942 _cEBOOK
999 _c1603678
_d1603678